<?xml version="1.0" encoding="UTF-8"?><?xml-stylesheet type="text/xsl" href="static/style.xsl"?><OAI-PMH xmlns="http://www.openarchives.org/OAI/2.0/" xmlns:xsi="http://www.w3.org/2001/XMLSchema-instance" xsi:schemaLocation="http://www.openarchives.org/OAI/2.0/ http://www.openarchives.org/OAI/2.0/OAI-PMH.xsd"><responseDate>2026-04-28T07:11:36Z</responseDate><request verb="GetRecord" identifier="oai:riubu.ubu.es:10259/10433" metadataPrefix="marc">https://riubu.ubu.es/oai/request</request><GetRecord><record><header><identifier>oai:riubu.ubu.es:10259/10433</identifier><datestamp>2026-02-17T23:42:15Z</datestamp><setSpec>com_10259_5786</setSpec><setSpec>com_10259_5086</setSpec><setSpec>com_10259_2604</setSpec><setSpec>col_10259_5787</setSpec></header><metadata><record xmlns="http://www.loc.gov/MARC21/slim" xmlns:doc="http://www.lyncode.com/xoai" xmlns:xsi="http://www.w3.org/2001/XMLSchema-instance" xmlns:dcterms="http://purl.org/dc/terms/" xsi:schemaLocation="http://www.loc.gov/MARC21/slim http://www.loc.gov/standards/marcxml/schema/MARC21slim.xsd">
<leader>00925njm 22002777a 4500</leader>
<datafield tag="042" ind1=" " ind2=" ">
<subfield code="a">dc</subfield>
</datafield>
<datafield tag="720" ind1=" " ind2=" ">
<subfield code="a">Sánchez-Miguel, Pedro Antonio</subfield>
<subfield code="e">author</subfield>
</datafield>
<datafield tag="720" ind1=" " ind2=" ">
<subfield code="a">Álvarez-Sánchez, José Luis</subfield>
<subfield code="e">author</subfield>
</datafield>
<datafield tag="720" ind1=" " ind2=" ">
<subfield code="a">Hortigüela Alcalá, David</subfield>
<subfield code="e">author</subfield>
</datafield>
<datafield tag="720" ind1=" " ind2=" ">
<subfield code="a">Pérez Pueyo, Ángel</subfield>
<subfield code="e">author</subfield>
</datafield>
<datafield tag="720" ind1=" " ind2=" ">
<subfield code="a">Tapia-Serrano, Miguel Ángel</subfield>
<subfield code="e">author</subfield>
</datafield>
<datafield tag="260" ind1=" " ind2=" ">
<subfield code="c">2025-02</subfield>
</datafield>
<datafield tag="520" ind1=" " ind2=" ">
<subfield code="a">This study aimed to show a quantitative synthesis on the effect of the Teaching Personal and Social Responsibility Model (TPSR) on personal and social responsibility within physical education (PE) context. To achieve this, a systematic review and meta-analysis on experimental studies was developed. The initial search yielded 874 articles, with 6 articles (n = 1089) meeting the inclusion criteria. The overall analysis for personal responsibility resulted in a significant small effect size with moderate heterogeneity (g = 0.38; 95% CI: [0.17, 0.58], p = &lt;0.01, I2 = 59.39%), as well as for social responsibility (g = 0.20; 95% CI: 0.01, 0.38; p = &lt;0.01; I2 = 51.50%). The results show that TPSR promotes personal and social responsibility. However, high-quality experimental trials testing the efficacy of the TPSR on broad results are needed.</subfield>
</datafield>
<datafield tag="024" ind2=" " ind1="8">
<subfield code="a">0033-6297</subfield>
</datafield>
<datafield tag="024" ind2=" " ind1="8">
<subfield code="a">http://hdl.handle.net/10259/10433</subfield>
</datafield>
<datafield tag="024" ind2=" " ind1="8">
<subfield code="a">10.1080/00336297.2024.2443937</subfield>
</datafield>
<datafield tag="024" ind2=" " ind1="8">
<subfield code="a">1543-2750</subfield>
</datafield>
<datafield ind1=" " ind2=" " tag="653">
<subfield code="a">Education</subfield>
</datafield>
<datafield ind1=" " ind2=" " tag="653">
<subfield code="a">Pedagogical models</subfield>
</datafield>
<datafield ind1=" " ind2=" " tag="653">
<subfield code="a">Schools</subfield>
</datafield>
<datafield ind1=" " ind2=" " tag="653">
<subfield code="a">Students</subfield>
</datafield>
<datafield tag="245" ind1="0" ind2="0">
<subfield code="a">The Effect of the Teaching Personal and Social Responsibility Model on Personal and Social Responsibility in Physical Education: A Systematic Review and Meta-Analysis</subfield>
</datafield>
</record></metadata></record></GetRecord></OAI-PMH>